مكتبة جامعة عجلون الوطنية

فهرس بحث المكتبة

الحماية الجزائية للحق في الحياة الخاصة عبر وسائل التواصل الاجتماعي في القانون الأردني=Criminal protection of the right to private life through social media in jordan / (Record no. 32298)

MARC details
000 -LEADER
fixed length control field 01149nam a2200241Ii 4500
003 - CONTROL NUMBER IDENTIFIER
control field JO-AjNU
005 - DATE AND TIME OF LATEST TRANSACTION
control field 20240629105042.0
008 - FIXED-LENGTH DATA ELEMENTS--GENERAL INFORMATION
fixed length control field 230605s9999||||xx |||||||||||||| ||und||
040 ## - CATALOGING SOURCE
Original cataloging agency JO-AjNU
Language of cataloging ara
Description conventions rda
Transcribing agency JO-AjNU
041 ## - LANGUAGE CODE
Language code of text/sound track or separate title ara
050 14 - LIBRARY OF CONGRESS CALL NUMBER
Classification number KMM51.2 2022
100 #1 - MAIN ENTRY--PERSONAL NAME
Personal name غريز، محمد جابر عبدالله
Relator term معد
9 (RLIN) 65772
245 20 - TITLE STATEMENT
Title الحماية الجزائية للحق في الحياة الخاصة عبر وسائل التواصل الاجتماعي في القانون الأردني=Criminal protection of the right to private life through social media in jordan /
Statement of responsibility, etc. اعداد محمد جابر عبدالله غريز ؛ إشراف زيد غرايبة
260 ## - PUBLICATION, DISTRIBUTION, ETC.
Date of publication, distribution, etc. 2022
300 ## - PHYSICAL DESCRIPTION
Extent 97 ورقة
336 ## - CONTENT TYPE
Content type term text
Content type code txt
Source rdacontent
337 ## - MEDIA TYPE
Media type term unmediated
Media type code n
Source rdamedia
338 ## - CARRIER TYPE
Carrier type term volume
Carrier type code nc
Source rdacarrier
500 ## - GENERAL NOTE
General note رسالة جامعية(اطروحة ماجستير) جامعة عجلون الوطنية، كليةالحقوق تخصص القانون 2022
650 #4 - SUBJECT ADDED ENTRY--TOPICAL TERM
Topical term or geographic name entry element احوال شخصية -قوانين-الاردن
9 (RLIN) 63351
700 #1 - ADDED ENTRY--PERSONAL NAME
Personal name غرايبة، زيد
9 (RLIN) 65773
Relator term مشرف
942 ## - ADDED ENTRY ELEMENTS (KOHA)
Source of classification or shelving scheme Library of Congress Classification
Koha item type Thesis
Holdings
Withdrawn status Lost status Source of classification or shelving scheme Damaged status Not for loan Home library Current library Shelving location Date acquired Total Checkouts Full call number Barcode Date last seen Price effective from Koha item type
    Library of Congress Classification     مكتبة جامعة عجلون الوطنية مكتبة جامعة عجلون الوطنية المراجع 29/06/2024   KMM51.2 2022 A28730 06/06/2023 29/06/2024 Thesis
    Library of Congress Classification     مكتبة جامعة عجلون الوطنية مكتبة جامعة عجلون الوطنية المراجع 29/06/2024   KMM51.2 2022 a28731 29/06/2024 29/06/2024 Thesis